LEADER 01555nam 2200481 450 001 9910467795303321 005 20200923020339.0 010 $a1-60649-359-0 035 $a(CKB)4340000000261650 035 $a(MiAaPQ)EBC5326130 035 $a(Au-PeEL)EBL5326130 035 $a(CaPaEBR)ebr11532684 035 $a(OCoLC)1030039344 035 $a(EXLCZ)994340000000261650 100 $a20180413h20182018 uy 0 101 0 $aeng 135 $aurcnu|||||||| 181 $2rdacontent 182 $2rdamedia 183 $2rdacarrier 200 10$aAfrican American entrepreneurs $esuccesses and struggles of entrepreneurs of color in America /$fMichelle Ingram Spain and J. Mark Munoz 210 1$aNew York, New York :$cBusiness Expert Press,$d2018. 210 4$d©2018 215 $a1 online resource (139 pages) 225 1 $aEntrepreneurship and Small Business Management Collection,$x1946-5661 300 $aIncludes index. 311 $a1-60649-358-2 410 0$aEntrepreneurship and small business management collection. 606 $aAfrican American businesspeople 606 $aEntrepreneurship$zUnited States 608 $aElectronic books. 615 0$aAfrican American businesspeople. 615 0$aEntrepreneurship 676 $a338.0408996073 700 $aSpain$b Michelle Ingram$0868070 702 $aMunoz$b J. Mark 801 0$bMiAaPQ 801 1$bMiAaPQ 801 2$bMiAaPQ 906 $aBOOK 912 $a9910467795303321 996 $aAfrican American entrepreneurs$91937938 997 $aUNINA LEADER 00785nam a2200193 i 4500 001 991004329738007536 005 20240618115937.0 008 240618s1889 it af drf 001 0 ita d 040 $aBibl. Interfacoltà T. Pellegrino$bita$cSocioculturale Scs 041 0 $aita 082 04$a580$223 100 1 $aCappi, Giulio,$c$073475 245 13$aLa botanica insegnata nelle scuole secondarie secondo i vigenti programmi :$b28 ottobre 1884 : opera illustrata da 140 tavole in cromolitografia /$cGiulio Cappi 246 18$aBotanica 260 $a[Milano] ;$aRoma :$bTrevisini,$c1889 300 $aXV, 151 p., [49] carte di tav. :$bill. ;$c24 cm 912 $a991004329738007536 996 $aBotanica insegnata nelle scuole secondarie secondo i vigenti programmi$94165249 997 $aUNISALENTO